Planning gain : Report by the Property Advisory Group

Bibliographic Details
Format: Book
Published: London : Her Majesty and Stationary Office , 1981
Subjects:

MARC

LEADER 00000cam a2200000 7i4500
001 0000002845
005 20050503.0
040 |a INS 
090 0 0 |a HD596.   |b G726 1981 
245 0 0 |a Planning gain :   |b Report by the Property Advisory Group   |c Department of the Environment 
260 |a London :   |b Her Majesty and Stationary Office ,   |c 1981 
300 |a 13p. ;   |c 24 cm. 
650 0 0 |a Planning 
999 |a 0000000979   |b BOOK   |c Open Shelf   |e Default branch